Quiz qui pue (8 mots dans mots) - Statistiques

Statistiques générales
  • Ce quiz a été pris 124 fois
  • Le résultat moyen est 7 sur 8
Answers on the Grid
Answers color-coded by a green-red scale on the quiz's grid according to % correct below.
---ricultrice
---rilité
Corrom---
Consti---
Roman---el
Tra---
Compréhens---
Rom---
Arma---es
Cons---r
Creva---
---rapoler
Ininterrom---
Dénoncia---n
Cré---
---omane
 
Statistiques - réponses
Réponse % Correct
---ricultrice
93%
Corrom---
91%
Ininterrom---
90%
---rilité
86%
Cré---
85%
Tra---
84%
Rom---
83%
Cons---r
57%
Aucun quiz correspondant
Distribution des résultats
% des personnes avec chaque résultat
Percentile par nombre de réponses
Votre historique - résultats
Vous n’avez pas pris ce quiz